000
00333 a2200157 4500
001
57942
020
_a
040
_c
Anchieta - Pituba
100
_a
Wollf, Virginia
240
1
0
_a
Mrs. dalloway; Orlando
_l
por
245
1
0
_a
Mrs. dalloway; Orlando
300
_a
409
362
0
_a
1972
650
4
_a
Ficção inglesa
942
_c
BK
999
_c
57942
_d
57942